New Hollywood Actors #2 - Statistics

General Stats
  • This quiz has been taken 147 times
  • The average score is 6 of 10
Answer Stats
Hint Answer % Correct
Easy Rider | The Last Detail | One Flew Over The Cuckoo's Nest Jack Nicholson
97%
The Graduate | Straw Dogs | All the President's Men Dustin Hoffman
92%
Take the Money and Run | Everything You Always Wanted To Know About Sex ... | Annie Hall Woody Allen
74%
Bonnie and Clyde | McCabe and Mrs. Miller | Shampoo Warren Beatty
64%
The Godfather Part II | Network | Apocalypse Now Robert Duvall
60%
Little Big Man | Chinatown | Network Faye Dunaway
52%
The Godfather | The Killer-Elite | Rollerball James Caan
50%
Mean Streets | Alice Doesn't Live Here Anymore | Taxi Driver Harvey Keitel
38%
Love Story | The Getaway | Convoy Ali McGraw
35%
Five Easy Pieces | The Great Gatsby | Nashville Karen Black
13%
No matching quizzes found
Score Distribution
Percent of People with Each Score
Percentile by Number Answered
Your Score History
You have not taken this quiz